Fisher College of Business Trivia - Statistics

General Stats
  • This quiz has been taken 5 times
  • The average score is 9 of 15
Answer Stats
Hint Answer % Correct
What is the room number of the Schoenbaum Lecture Hall? 105
80%
What is the average GPA of Fisher undergraduate students (rounded to one decimal point)? 3.3
80%
What is the name of the selective investment banking program offered by Fisher College of Business? Fisher Futures
80%
In what building is the Office of Career Management? Gerlach Hall
80%
How many Mason Hall study rooms are available for reservation? 12
60%
What is the course number for the most commonly failed course in the FCoB? 2200
60%
What is the LEAST popular specialization in Fisher? Aviation Management
60%
What is the name of the (in)famous assignment in BUSMHR 2292? Crisis Case
60%
What is Fisher's instagram handle? fisherosu
60%
What professor has the highest rate my professor rating (that I could find)? Marc Smith
60%
When was the college renamed to honor ___ _ Fisher? 1993
40%
What year did Professor Marc Smith begin teaching at Ohio State? 1999
40%
What is the name of the restaurant in the Blackwell Hotel? Bistro 2110
40%
What is the first name of the man that Fisher College of Business was named after? Max
40%
There are two scenarios currently offered for said project. Name the fictional company in ONE of them. Momentum / Prepado
40%
No matching quizzes found
Score Distribution
Percent of People with Each Score
Percentile by Number Answered
Your Score History
You have not taken this quiz